00397nam a2200133 a 450000100100000000500170001000800410002702000150006804000250008310000290010824500560013726000340019330000360022700004404420201002045119.0140514s1997 sp ac 000 0 spa d a8487270360 aDO-SdBNPbspacBNPHU1 aBonet Mojíca, Lluís.10aEspartaco :bel buscavidas /cLluís Bonet Mojica. aBarcelona :bDirigido,c1997. a142 p. :bil., retrs. ;c21 cm.